Every All NBA First Team Nominee - Statistics

General Stats
  • This quiz has been taken 9 times
  • The average score is 79 of 115
Answer Stats
Hint Answer % Correct
Miami Heat Alonzo Mourning
100%
Los Angeles Clippers Chris Paul
100%
Portland Trailblazers Clyde Drexler
100%
San Antonio Spurs David Robinson
100%
Los Angeles Clippers DeAndre Jordan
100%
Phoenix Suns Dennis Johnson
100%
Chicago Bulls Derrick Rose
100%
Seattle SuperSonics Gary Payton
100%
Detroit Pistons Isiah Thomas
100%
Houston Rockets James Harden
100%
New Jersey Nets Jason Kidd
100%
Boston Celtics Jayson Tatum
100%
Los Angeles Lakers Jerry West
100%
Philadelphia 76ers Joel Embiid
100%
Utah Jazz John Stockton
100%
Philadelphia 76ers Julius Erving
100%
Los Angeles Lakers Kareem Abdul-Jabbar
100%
Utah Jazz Karl Malone
100%
San Antonio Spurs Kawhi Leonard
100%
Oklahoma City Thunder Kevin Durant
100%
Minnesota Timberwolves Kevin Garnett
100%
Los Angeles Lakers Kobe Bryant
100%
Cleveland Cavaliers LeBron James
100%
Dallas Mavericks Luka Doncic
100%
Los Angeles Lakers Magic Johnson
100%
Memphis Grizzlies Marc Gasol
100%
Milwaukee Bucks Marques Johnson
100%
Chicago Bulls Michael Jordan
100%
Houston Rockets Moses Malone
100%
Denver Nuggets Nikola Jokić
100%
Cincinnati Royals Oscar Robertson
100%
New York Knicks Patrick Ewing
100%
Oklahoma City Thunder Russell Westbrook
100%
Chicago Bulls Scottie Pippen
100%
Los Angeles Lakers Shaquille O’Neal
100%
San Antonio Spurs Tim Duncan
100%
Orlando Magic Tracy McGrady
100%
New Orleans Jazz Truck Robinson
100%
Philadelphia Warriors Wilt Chamberlain
100%
Philadelphia 76ers Allen Iverson
88%
Phoenix Suns Amare Stoudemire
88%
Los Angeles Lakers Anthony Davis
88%
Boston Celtics Bill Russell
88%
Boston Celtics Bob Cousy
88%
Sacramento Kings Chris Webber
88%
Portland Trailblazers Damian Lillard
88%
Phoenix Suns Devin Booker
88%
Dallas Mavericks Dirk Nowitzki
88%
Atlanta Hawks Dominique Wilkins
88%
Cleveland Cavaliers Donovan Mitchell
88%
Orlando Magic Dwight Howard
88%
Miami Heat Dwyane Wade
88%
San Antonio Spurs George Gervin
88%
Milwaukee Bucks Giannis Antetokounmpo
88%
Houston Rockets Hakeem Olajuwon
88%
Boston Celtics John Havlicek
88%
Boston Celtics Kevin McHale
88%
Boston Celtics Larry Bird
88%
Oklahoma City Thunder Paul George
88%
Golden State Warriors Stephen Curry
88%
Portland Trailblazers Bill Walton
75%
Denver Nuggets David Thompson
75%
Los Angeles Lakers Elgin Baylor
75%
Minneapolis Lakers George Mikan
75%
Chicago Bulls Joakim Noah
75%
Orlando Magic Penny Hardaway
75%
Golden State Warriors Rick Barry
75%
Oklahoma City Thunder Shai Gilgeous-Alexander
75%
Phoenix Suns Steve Nash
75%
Miami Heat Tim Hardaway
75%
New York Knicks Willis Reed
75%
New York Knicks Bernard King
63%
Philadelphia 76ers Billy Cunningham
63%
Buffalo Braves Bob McAdoo
63%
St. Louis Hawks Bob Pettit
63%
Phoenix Suns Charles Barkley
63%
Syracuse Nationals Dolph Schayes
63%
Seattle SuperSonics Gus Williams
63%
Cleveland Cavaliers Mark Price
63%
New York Knicks Walt Frazier
63%
Baltimore Bullets Wes Unseld
63%
Golden State Warriors Chris Mullin
50%
Detroit Pistons Dave Bing
50%
Baltimore Bullets Earl Monroe
50%
Washington Bullets Elvin Hayes
50%
Los Angeles Lakers Gail Goodrich
50%
Detroit Pistons Grant Hill
50%
Philadelphia Warriors Paul Arizin
50%
New Orleans Jazz Pete Maravich
50%
Cincinnati Royals Jerry Lucas
38%
Kansas City Kings Nate Archibald
38%
Milwaukee Bucks Sidney Moncrief
38%
Boston Celtics Bill Sharman
25%
Phoenix Suns Connie Hawkins
25%
Golden State Warriors Latrell Sprewell
25%
Philadelphia Warriors Neil Johnston
25%
Indianapolis Olympians Alex Groza
13%
Boston Celtics Ed Macauley
13%
Detroit Pistons George Yardley
13%
Philadelphia Warriors Joe Fulks
13%
Fort Wayne Pistons Larry Foust
13%
Phoenix Suns Paul Westphal
13%
Seattle SuperSonics Spencer Haywood
13%
Rochestor Royals Bob Davies
0%
Washington Capitols Bob Feerick
0%
Washington Capitols Bones McKinney
0%
Boston Celtics Ed Sadowski
0%
Detroit Pistons Gene Shue
0%
Philadelphia 76ers George McGinnis
0%
New York Knicks Harry Gallatin
0%
Philadelphia Warriors Howie Dallmar
0%
Minneapolis Lakers Jim Pollard
0%
Chicago Stags Max Zaslofsky
0%
Indianapolis Olympians Ralph Beard
0%
Detroit Falcons Stan Miasek
0%
No matching quizzes found
Score Distribution
Percent of People with Each Score
Percentile by Number Answered
Your Score History
You have not taken this quiz